Obras escogidas

Salvato in:
Dettagli Bibliografici
Autore principale: Cortés, Don Juan Donoso
Natura: Libro
Lingua:Undetermined
Pubblicazione: Buenos Aires, Argentina Difusión 1944
Soggetti:
Tags: Aggiungi Tag
Nessun Tag, puoi essere il primo ad aggiungerne!!

MARC

LEADER 00000nam a2200000Ia 4500
008 170316s9999 xx 000 0 und d
040 |a cru BVZT 
090 |a 862 C-49o 
100 |a Cortés, Don Juan Donoso 
245 |a Obras escogidas  |c Marqués de Valdegamas, compilador 
260 |a Buenos Aires, Argentina 
260 |b Difusión 
260 |c 1944 
300 |a 374 páginas 
650 |a LITERATURA ESPAÑOLA 
999 |c 9764  |d 9764 
942 |c 15 D  |h 862 C-49o  |2 z